اسرار و ہو -Asrar -e- hoo (Record no. 1551907)

MARC details
000 -LEADER
fixed length control field 00895nam a22002537a 4500
005 - DATE AND TIME OF LATEST TRANSACTION
control field 20240621175334.0
008 - FIXED-LENGTH DATA ELEMENTS--GENERAL INFORMATION
fixed length control field 220906b ii ||||| |||| 00| 0 urd d
020 ## - INTERNATIONAL STANDARD BOOK NUMBER
International Standard Book Number 9789392496920
Book form hb
Price Rs.300
040 ## - CATALOGING SOURCE
Original cataloging agency NLI
Language of cataloging urd
Transcribing agency Urdu Division
041 0# - LANGUAGE CODE
Language code of text/sound track or separate title urd
044 ## - COUNTRY OF PUBLISHING/PRODUCING ENTITY CODE
MARC country code ii
082 04 - DEWEY DECIMAL CLASSIFICATION NUMBER
Edition number 23rd ed.
Classification number U 891.4391
Book number R 837 as
100 1# - MAIN ENTRY--PERSONAL NAME
Linkage 880-01
Personal name رضی احمد چشتی -Razi Ahmad Chishti
Fuller form of name رضی احمد چشتی -Razi Ahmad Chishti
9 (RLIN) 701212
245 10 - TITLE STATEMENT
Linkage 880-02
Title اسرار و ہو -Asrar -e- hoo
Statement of responsibility, etc. رضی احمد چشتی -Razi Ahmad Chishti
260 ## - PUBLICATION, DISTRIBUTION, ETC.
Place of publication, distribution, etc. New Delhi
Name of publisher, distributor, etc. Educational Publishing House
Date of publication, distribution, etc. 2021
300 ## - PHYSICAL DESCRIPTION
Extent 244p;
Dimensions 22cm.
650 #0 - SUBJECT ADDED ENTRY--TOPICAL TERM
Source of heading or term Urdu Poetry Collection
Topical term or geographic name entry element Collection of Urdu Poetry
Form subdivision Urdu Poetry / Collection
700 1# - ADDED ENTRY--PERSONAL NAME
Linkage 880-03
852 ## - LOCATION
Location BB
880 1# - ALTERNATE GRAPHIC REPRESENTATION
Linkage 100-01
a Razi Ahmad Chishti
880 1# - ALTERNATE GRAPHIC REPRESENTATION
Linkage 245-02
a Asrar -e- hoo
887 ## - NON-MARC INFORMATION FIELD
Data Entry Operator Name / Verifier Name Shagufta
942 ## - ADDED ENTRY ELEMENTS (KOHA)
Source of classification or shelving scheme Dewey Decimal Classification
Koha item type Books
Holdings
Withdrawn status Lost status Source of classification or shelving scheme Damaged status Not for loan Collection code Home library Current library Shelving location Date acquired Source of acquisition Total Checkouts Full call number Barcode Date last seen Price effective from Koha item type
    Dewey Decimal Classification     Urdu National Library of India National Library of India Urdu - Book - Main Stack Division 28/06/2022 DB ACT   U 891.4391 R 837 as DBA000022503URD 06/09/2022 06/09/2022 Books
                                                                           
web counter

Copyright ©2020 The National Library of India, Govt. of India ↔ Hosted by NVLI, MOC ↔ Technology and Design by National Library of India, Ministry of Culture, Govt. of India